Resolucin̤ miscelǹea fiscal 2010

Detalles Bibliográficos
Formato: eBook
Lenguaje:español
Publicado: Mx̌ico D.F. : Ediciones Fiscales ISEF, 2011
Materias:
Acceso en línea:http://www.vlex.com/source/11015

MARC

LEADER 00000nam a22000007a 4500
005 20130408143115.0
007 cr|||| ||||
008 130408e2011 mx |||||s|||| 00||0 spa d
020 |a 978-607-406-255-7 
035 |a 11015 
040 |a vLex 
090 |c 4154  |d 4154 
245 0 0 |a Resolucin̤ miscelǹea fiscal 2010  |h [Recurso electrn̤ico]  
256 |a Servicio en ln̕ea 
260 |a Mx̌ico D.F. :  |b Ediciones Fiscales ISEF,   |c 2011 
300 |a 1 Recurso electrn̤ico 
506 |a Contenido solo disponible en los productos indicados  |d vLex Global  |d vLex Global (Academic Edition, excluding Law Schools)  |d vLex Global (U.S. Academic Edition, Law Schools)  |d vLex Global (U.S. Academic Edition, excluding Law Schools)  |d vLex Global (Academic Edition, Law Schools) 
650 0 4 |a Derecho tribiutario  |z Mx̌ico 
740 |a vLex Libros (Servicio en ln̕ea) 
856 |a Acceso restringido  |u http://www.vlex.com/source/11015 
942 |c BOOK 
999 0 |a Taxation